Indicators on economic development of the Slovak republic

Salvato in:
Dettagli Bibliografici
Natura: Periodico
Lingua:inglese
Pubblicazione: Bratislava Statistical Office of the Slovak Republik 1996
Tags: Aggiungi Tag
Nessun Tag, puoi essere il primo ad aggiungerne!!

MARC

LEADER 00000nas2a2200000 4500
001 s108082
005 20250728130202.5
041 0 |a eng 
044 |a SK 
245 1 0 |a Indicators on economic development of the Slovak republic 
264 1 |a Bratislava  |b Statistical Office of the Slovak Republik  |c 1996 
300 |a 1 zv.